| 000 -LEADER | |
|---|---|
| fixed length control field | 00465nam a22001817a 4500 |
| 005 - DATE AND TIME OF LATEST TRANSACTION | |
| control field | 20240902132043.0 |
| 008 - FIXED-LENGTH DATA ELEMENTS--GENERAL INFORMATION | |
| fixed length control field | 240902b |||||||| |||| 00| 0 eng d |
| 020 ## - INTERNATIONAL STANDARD BOOK NUMBER | |
| ISBN | 978-1-265-21336-7 |
| 041 ## - LANGUAGE CODE | |
| Language code of text/sound track or separate title | eng |
| 082 ## - DEWEY DECIMAL CLASSIFICATION NUMBER | |
| Classification number | 612.044 BEA |
| 100 ## - MAIN ENTRY--AUTHOR NAME | |
| Personal name | BEAM, WILLIAM C. AND ADAMS, GENE M. |
| 245 ## - TITLE STATEMENT | |
| Title | EXERCISE PHYSIOLOGY: LABORATORY MANUAL |
| 250 ## - EDITION STATEMENT | |
| Edition statement | 9TH ED. |
| 260 ## - PUBLICATION, DISTRIBUTION, ETC. (IMPRINT) | |
| Place of publication | NEW YORK |
| Name of publisher | MC GRAW HILL |
| 300 ## - PHYSICAL DESCRIPTION | |
| Number of Pages | 339;P |
| 650 ## - SUBJECT ADDED ENTRY--TOPICAL TERM | |
| Topical Term | BMLT |
| 942 ## - ADDED ENTRY ELEMENTS (KOHA) | |
| Koha item type | Books |
| Lost status | Damaged status | Collection code | Home library | Current library | Shelving location | Date acquired | Source of acquisition | Cost, normal purchase price | Serial Enumeration / chronology | Full call number | Accession Number | Koha item type |
|---|---|---|---|---|---|---|---|---|---|---|---|---|
| Bachelor of Medical Laboratory Technology | JRU Library | JRU Library | SHELF-72-A | 30/08/2024 | PURCHASE | 18.10 | NEW ARRIVALS SHELF | 612.044 | 28383 | Books |